[Event "Team men PL final"]
[Site "Sochi"]
[Date "2018.05.01"]
[Round "1.1"]
[White "Ponkratov, Pavel"]
[Black "Svidler, Peter"]
[Result "1/2-1/2"]
[BlackElo "2760"]
[WhiteElo "2601"]
[LiveChessVersion "1.4.8"]

1. d4 {[%clk 1:30:57]} Nf6 {[%clk 1:30:51]} 2. c4 {[%clk 1:31:23]} g6
{[%clk 1:31:16]} 3. Nc3 {[%clk 1:31:50]} d5 {[%clk 1:31:38]} 4. Nf3
{[%clk 1:32:16]} Bg7 {[%clk 1:31:59]} 5. cxd5 {[%clk 1:32:42]} Nxd5
{[%clk 1:32:24]} 6. e4 {[%clk 1:33:08]} Nxc3 {[%clk 1:32:47]} 7. bxc3
{[%clk 1:33:35]} c5 {[%clk 1:33:12]} 8. Be3 {[%clk 1:34:02]} Qa5 {[%clk 1:31:19]}
9. Nd2 {[%clk 1:34:27]} O-O {[%clk 1:21:00]} 10. Rc1 {[%clk 1:34:52]} cxd4
{[%clk 1:15:11]} 11. cxd4 {[%clk 1:29:55]} Nc6 {[%clk 1:10:11]} 12. d5
{[%clk 1:25:32]} Ne5 {[%clk 1:02:18]} 13. Be2 {[%clk 1:16:01]} Bd7
{[%clk 0:58:53]} 14. O-O {[%clk 0:46:24]} Rfc8 {[%clk 0:55:48]} 15. Qb3
{[%clk 0:20:27]} b5 {[%clk 0:55:16]} 16. h3 {[%clk 0:16:26]} Rab8
{[%clk 0:52:54]} 17. Bf4 {[%clk 0:16:49]} Ra8 {[%clk 0:41:27]} 18. Rfd1
{[%clk 0:12:27]} h6 {[%clk 0:33:27]} 19. a3 {[%clk 0:06:25]} g5 {[%clk 0:26:42]}
20. Be3 {[%clk 0:06:51]} e6 {[%clk 0:22:34]} 21. Nf3 {[%clk 0:01:49]} Nxf3+
{[%clk 0:14:30]} 22. Bxf3 {[%clk 0:02:16]} Rc3 {[%clk 0:14:26]} 23. Rxc3
{[%clk 0:01:38]} Qxc3 {[%clk 0:14:50]} 24. Qxc3 {[%clk 0:01:16]} Bxc3
{[%clk 0:15:08]} 25. e5 {[%clk 0:01:26]} Rc8 {[%clk 0:14:55]} 26. Bxa7
{[%clk 0:00:50]} Bxe5 {[%clk 0:14:35]} 27. Re1 {[%clk 0:00:32]} Bd6
{[%clk 0:11:54]} 28. Bg4 {[%clk 0:00:58]} Re8 {[%clk 0:05:47]} 29. dxe6
{[%clk 0:00:42]} Bxe6 {[%clk 0:06:09]} 30. Re3 {[%clk 0:00:47]} Ra8
{[%clk 0:01:35]} 31. Bxe6 {[%clk 0:00:36]} Rxa7 {[%clk 0:02:00]} 32. Rd3
{[%clk 0:00:59]} Bxa3 {[%clk 0:01:38]} 33. Rd7 {[%clk 0:01:24]} Rxd7
{[%clk 0:02:02]} 34. Bxd7 {[%clk 0:01:50]} b4 {[%clk 0:02:28]} 35. Ba4
{[%clk 0:02:17]} Kg7 {[%clk 0:02:42]} 36. Kf1 {[%clk 0:02:42]} Bb2
{[%clk 0:03:05]} 37. Ke2 {[%clk 0:03:07]} Bd4 {[%clk 0:03:27]} 38. Bb3
{[%clk 0:03:33]} Bb6 {[%clk 0:03:51]} 39. Bc4 {[%clk 0:03:58]} Bd4
{[%clk 0:04:17]} 40. Bb3 {[%clk 0:34:55]} Bb6 {[%clk 0:35:14]} 41. Bc4
{[%clk 0:35:21]} 1/2-1/2

[Event "Team men PL final"]
[Site "Sochi"]
[Date "2018.05.01"]
[Round "1.2"]
[White "Fedoseev, Vladimir"]
[Black "Looshnikov, Nikolai"]
[Result "1-0"]
[BlackElo "2435"]
[WhiteElo "2706"]
[LiveChessVersion "1.4.8"]

1. d4 {[%clk 1:30:56]} Nf6 {[%clk 1:30:54]} 2. c4 {[%clk 1:31:15]} e6
{[%clk 1:31:18]} 3. Nf3 {[%clk 1:30:29]} d5 {[%clk 1:31:04]} 4. Nc3
{[%clk 1:30:34]} c5 {[%clk 1:30:12]} 5. cxd5 {[%clk 1:30:55]} Nxd5
{[%clk 1:30:36]} 6. a3 {[%clk 1:31:04]} cxd4 {[%clk 1:29:06]} 7. Qxd4
{[%clk 1:30:56]} Nc6 {[%clk 1:29:15]} 8. Qd3 {[%clk 1:31:19]} Nxc3
{[%clk 1:26:01]} 9. Qxc3 {[%clk 1:31:37]} Bd7 {[%clk 1:15:14]} 10. Bg5
{[%clk 1:30:37]} f6 {[%clk 1:11:45]} 11. Bd2 {[%clk 1:30:30]} Rc8
{[%clk 1:12:00]} 12. Qd3 {[%clk 1:21:40]} e5 {[%clk 1:08:34]} 13. Rc1
{[%clk 1:10:08]} Be6 {[%clk 1:04:07]} 14. e4 {[%clk 1:00:35]} Qxd3
{[%clk 0:55:32]} 15. Bxd3 {[%clk 1:00:58]} Bd6 {[%clk 0:54:35]} 16. Be3
{[%clk 1:01:02]} Ke7 {[%clk 0:54:37]} 17. Ke2 {[%clk 0:59:36]} a6
{[%clk 0:48:33]} 18. Nd2 {[%clk 0:53:25]} Na5 {[%clk 0:43:29]} 19. h4
{[%clk 0:50:07]} h5 {[%clk 0:35:57]} 20. g3 {[%clk 0:48:33]} Nb3 {[%clk 0:29:20]}
21. Nxb3 {[%clk 0:48:07]} Bxb3 {[%clk 0:29:43]} 22. f4 {[%clk 0:41:17]} Kd7
{[%clk 0:19:19]} 23. Kf3 {[%clk 0:33:27]} Rxc1 {[%clk 0:19:02]} 24. Rxc1
{[%clk 0:30:09]} Rc8 {[%clk 0:19:07]} 25. Rf1 {[%clk 0:28:01]} Be6
{[%clk 0:14:29]} 26. f5 {[%clk 0:26:48]} Bb3 {[%clk 0:13:25]} 27. Rg1
{[%clk 0:25:15]} Ke8 {[%clk 0:05:43]} 28. g4 {[%clk 0:20:01]} hxg4+
{[%clk 0:06:04]} 29. Kxg4 {[%clk 0:20:26]} Kf7 {[%clk 0:03:39]} 30. Kf3
{[%clk 0:20:18]} Rc7 {[%clk 0:02:00]} 31. h5 {[%clk 0:17:06]} Bc5
{[%clk 0:02:13]} 32. Rh1 {[%clk 0:12:26]} Bxe3 {[%clk 0:01:19]} 33. Kxe3
{[%clk 0:12:50]} Rc6 {[%clk 0:00:42]} 34. Kd2 {[%clk 0:11:56]} a5
{[%clk 0:00:39]} 35. a4 {[%clk 0:05:05]} Kf8 {[%clk 0:00:31]} 36. Bb5
{[%clk 0:04:28]} Rc2+ {[%clk 0:00:33]} 37. Kd3 {[%clk 0:04:49]} Rg2
{[%clk 0:00:39]} 38. Rc1 {[%clk 0:01:38]} Rg3+ {[%clk 0:00:54]} 39. Kd2
{[%clk 0:01:21]} Rg2+ {[%clk 0:01:14]} 40. Kd3 {[%clk 0:31:25]} Rg3+
{[%clk 0:32:08]} 41. Kd2 {[%clk 0:27:35]} Rg2+ {[%clk 0:30:11]} 42. Ke3
{[%clk 0:27:31]} Rc2 {[%clk 0:26:56]} 43. Rb1 {[%clk 0:26:25]} Rh2
{[%clk 0:16:01]} 44. Rc1 {[%clk 0:26:38]} Bc2 {[%clk 0:15:06]} 45. Kf3
{[%clk 0:24:45]} Ke7 {[%clk 0:12:56]} 46. Kg3 {[%clk 0:20:14]} Rd2
{[%clk 0:13:14]} 47. Kf3 {[%clk 0:20:39]} Kf8 {[%clk 0:07:28]} 48. b3
{[%clk 0:15:56]} Rh2 {[%clk 0:02:30]} 49. Bc4 {[%clk 0:13:40]} b6
{[%clk 0:00:40]} 50. Kg3 {[%clk 0:13:20]} Rd2 {[%clk 0:01:05]} 51. Be6
{[%clk 0:11:09]} Ke7 {[%clk 0:00:38]} 52. Kf3 {[%clk 0:11:11]} Rh2
{[%clk 0:00:52]} 53. Kg3 {[%clk 0:10:32]} Rd2 {[%clk 0:01:06]} 54. Kf3
{[%clk 0:10:16]} Rh2 {[%clk 0:01:30]} 55. Kg3 {[%clk 0:09:09]} Rd2
{[%clk 0:01:39]} 56. Bd5 {[%clk 0:06:08]} Kd6 {[%clk 0:01:08]} 57. Rg1
{[%clk 0:06:19]} Bd1 {[%clk 0:00:46]} 58. Kh3 {[%clk 0:06:40]} Bxh5
{[%clk 0:00:42]} 59. Rxg7 {[%clk 0:07:03]} Rd3+ {[%clk 0:00:34]} 60. Kh4
{[%clk 0:07:21]} Be8 {[%clk 0:00:45]} 61. Rb7 {[%clk 0:07:19]} b5
{[%clk 0:00:33]} 62. axb5 {[%clk 0:07:22]} Kc5 {[%clk 0:00:44]} 63. b6
{[%clk 0:07:36]} a4 {[%clk 0:00:34]} 64. bxa4 {[%clk 0:07:04]} Rd1
{[%clk 0:00:39]} 65. Rb8 {[%clk 0:07:03]} Rh1+ {[%clk 0:00:38]} 66. Kg3
{[%clk 0:07:27]} Bxa4 {[%clk 0:00:47]} 67. b7 {[%clk 0:07:51]} 1-0

[Event "Team men PL final"]
[Site "Sochi"]
[Date "2018.05.01"]
[Round "1.3"]
[White "Drygalov, Andrey"]
[Black "Matlakov, Maxim"]
[Result "0-1"]
[BlackElo "2704"]
[WhiteElo "2431"]
[LiveChessVersion "1.4.8"]

1. e4 {[%clk 1:30:57]} d6 {[%clk 1:30:54]} 2. d4 {[%clk 1:31:14]} Nf6
{[%clk 1:31:18]} 3. Nc3 {[%clk 1:31:39]} g6 {[%clk 1:31:44]} 4. f4
{[%clk 1:31:52]} Bg7 {[%clk 1:31:58]} 5. Nf3 {[%clk 1:32:16]} O-O
{[%clk 1:32:15]} 6. Bd3 {[%clk 1:32:01]} Nc6 {[%clk 1:32:23]} 7. e5
{[%clk 1:30:02]} dxe5 {[%clk 1:32:41]} 8. fxe5 {[%clk 1:29:36]} Nh5
{[%clk 1:32:37]} 9. Be3 {[%clk 1:23:40]} Bg4 {[%clk 1:32:22]} 10. Be2
{[%clk 1:23:24]} f6 {[%clk 1:28:54]} 11. exf6 {[%clk 1:21:40]} Nxf6
{[%clk 1:26:55]} 12. Qd2 {[%clk 1:07:27]} Nd5 {[%clk 1:24:08]} 13. Nxd5
{[%clk 1:05:22]} Qxd5 {[%clk 1:24:17]} 14. O-O {[%clk 0:49:26]} e5
{[%clk 1:16:21]} 15. c4 {[%clk 0:38:50]} Qd7 {[%clk 1:12:06]} 16. d5
{[%clk 0:38:41]} Nd4 {[%clk 1:11:57]} 17. Bxd4 {[%clk 0:34:51]} exd4
{[%clk 1:10:16]} 18. h3 {[%clk 0:34:42]} Bxh3 {[%clk 0:58:18]} 19. gxh3
{[%clk 0:23:18]} Qxh3 {[%clk 0:58:20]} 20. Qg5 {[%clk 0:15:55]} d3
{[%clk 0:52:16]} 21. Qg2 {[%clk 0:11:10]} Qxg2+ {[%clk 0:51:58]} 22. Kxg2
{[%clk 0:11:34]} dxe2 {[%clk 0:52:24]} 23. Rf2 {[%clk 0:11:57]} Rf4
{[%clk 0:52:14]} 24. Rxe2 {[%clk 0:09:57]} Rxc4 {[%clk 0:50:55]} 25. Rd1
{[%clk 0:09:25]} Rd8 {[%clk 0:49:40]} 26. Kg3 {[%clk 0:09:33]} Bf6
{[%clk 0:46:51]} 27. b3 {[%clk 0:08:10]} Rc5 {[%clk 0:45:57]} 28. Red2
{[%clk 0:08:18]} Kg7 {[%clk 0:46:05]} 29. d6 {[%clk 0:08:39]} cxd6
{[%clk 0:45:11]} 30. Rxd6 {[%clk 0:09:04]} Rxd6 {[%clk 0:45:25]} 31. Rxd6
{[%clk 0:09:29]} Rc7 {[%clk 0:45:46]} 32. Kf4 {[%clk 0:08:35]} h5
{[%clk 0:43:02]} 33. a4 {[%clk 0:07:40]} Rf7 {[%clk 0:41:32]} 0-1

[Event "Team men PL final"]
[Site "Sochi"]
[Date "2018.05.01"]
[Round "1.4"]
[White "Rodshtein, Maxim"]
[Black "Gutenev, Alexander"]
[Result "1/2-1/2"]
[BlackElo "2474"]
[WhiteElo "2678"]
[LiveChessVersion "1.4.8"]

1. e4 {[%clk 1:30:53]} c5 {[%clk 1:30:53]} 2. Nf3 {[%clk 1:31:18]} Nc6
{[%clk 1:31:06]} 3. d4 {[%clk 1:31:35]} cxd4 {[%clk 1:31:30]} 4. Nxd4
{[%clk 1:32:00]} Nf6 {[%clk 1:31:51]} 5. Nc3 {[%clk 1:32:23]} d6 {[%clk 1:32:16]}
6. Bg5 {[%clk 1:32:25]} e6 {[%clk 1:32:12]} 7. Qd2 {[%clk 1:32:24]} Be7
{[%clk 1:31:27]} 8. O-O-O {[%clk 1:32:19]} O-O {[%clk 1:31:35]} 9. Nb3
{[%clk 1:32:05]} Qb6 {[%clk 1:30:28]} 10. Kb1 {[%clk 1:31:20]} Rd8
{[%clk 1:27:45]} 11. h4 {[%clk 1:30:48]} a6 {[%clk 1:20:38]} 12. g4
{[%clk 1:28:44]} Qc7 {[%clk 1:07:37]} 13. f4 {[%clk 1:25:22]} b5 {[%clk 0:49:00]}
14. Bxf6 {[%clk 1:16:46]} Bxf6 {[%clk 0:48:59]} 15. g5 {[%clk 1:15:00]} Be7
{[%clk 0:48:24]} 16. Bd3 {[%clk 1:06:30]} b4 {[%clk 0:42:49]} 17. Ne2
{[%clk 0:55:58]} a5 {[%clk 0:39:39]} 18. h5 {[%clk 0:55:53]} a4 {[%clk 0:31:55]}
19. Nbc1 {[%clk 0:55:02]} Rb8 {[%clk 0:23:38]} 20. Rdf1 {[%clk 0:49:05]} d5
{[%clk 0:15:54]} 21. exd5 {[%clk 0:44:22]} Rxd5 {[%clk 0:15:44]} 22. Qe3
{[%clk 0:44:39]} Na5 {[%clk 0:14:15]} 23. Qe4 {[%clk 0:29:07]} Rf5
{[%clk 0:14:19]} 24. Nd4 {[%clk 0:29:13]} Bb7 {[%clk 0:12:24]} 25. Qe2
{[%clk 0:29:19]} Rd5 {[%clk 0:10:21]} 26. Qe4 {[%clk 0:28:15]} Rf5
{[%clk 0:10:45]} 27. Qe2 {[%clk 0:28:39]} Rd5 {[%clk 0:11:12]} 28. Qe4
{[%clk 0:28:53]} Rf5 {[%clk 0:11:21]} 29. Qe2 {[%clk 0:29:16]} 1/2-1/2

[Event "Team men PL final"]
[Site "Sochi"]
[Date "2018.05.01"]
[Round "1.5"]
[White "Drygalov, Sergey"]
[Black "Alekseenko, Kirill"]
[Result "1-0"]
[BlackElo "2625"]
[WhiteElo "2418"]
[LiveChessVersion "1.4.8"]

1. d4 {[%clk 1:30:58]} Nf6 {[%clk 1:30:38]} 2. Nf3 {[%clk 1:30:52]} e6
{[%clk 1:30:47]} 3. c4 {[%clk 1:31:16]} Bb4+ {[%clk 1:30:24]} 4. Nbd2
{[%clk 1:31:23]} O-O {[%clk 1:30:10]} 5. a3 {[%clk 1:30:43]} Be7 {[%clk 1:30:32]}
6. e4 {[%clk 1:30:25]} d6 {[%clk 1:30:28]} 7. Bd3 {[%clk 1:28:11]} Nbd7
{[%clk 1:30:33]} 8. b4 {[%clk 1:27:38]} e5 {[%clk 1:24:51]} 9. Bb2
{[%clk 1:27:40]} Nh5 {[%clk 1:14:24]} 10. g3 {[%clk 1:06:45]} Bf6
{[%clk 1:11:13]} 11. Be2 {[%clk 0:48:28]} g6 {[%clk 1:07:26]} 12. dxe5
{[%clk 0:47:25]} Bg7 {[%clk 1:04:24]} 13. Rb1 {[%clk 0:41:49]} dxe5
{[%clk 1:01:30]} 14. c5 {[%clk 0:41:55]} Qe7 {[%clk 0:45:52]} 15. O-O
{[%clk 0:40:47]} Rd8 {[%clk 0:43:41]} 16. Qc2 {[%clk 0:40:09]} Nb8
{[%clk 0:40:16]} 17. Nb3 {[%clk 0:30:11]} f5 {[%clk 0:28:09]} 18. Rbd1
{[%clk 0:26:39]} Rf8 {[%clk 0:26:58]} 19. Na5 {[%clk 0:16:11]} Nc6
{[%clk 0:21:43]} 20. Nxc6 {[%clk 0:13:27]} bxc6 {[%clk 0:22:11]} 21. exf5
{[%clk 0:13:19]} Bxf5 {[%clk 0:21:07]} 22. Qb3+ {[%clk 0:13:43]} Kh8
{[%clk 0:11:12]} 23. Rfe1 {[%clk 0:12:39]} e4 {[%clk 0:09:30]} 24. Nd4
{[%clk 0:11:08]} Bd7 {[%clk 0:09:19]} 25. Bxh5 {[%clk 0:09:57]} gxh5
{[%clk 0:09:43]} 26. f3 {[%clk 0:10:17]} Qg5 {[%clk 0:05:45]} 27. Rxe4
{[%clk 0:10:07]} Rae8 {[%clk 0:05:31]} 28. Rde1 {[%clk 0:07:56]} Rxe4
{[%clk 0:04:44]} 29. Rxe4 {[%clk 0:08:21]} h4 {[%clk 0:04:44]} 30. Ne2
{[%clk 0:07:22]} hxg3 {[%clk 0:04:53]} 31. Bxg7+ {[%clk 0:06:31]} Qxg7
{[%clk 0:05:07]} 32. hxg3 {[%clk 0:06:56]} Bf5 {[%clk 0:05:11]} 33. Re3
{[%clk 0:07:03]} Rd8 {[%clk 0:03:16]} 34. Qc3 {[%clk 0:05:03]} Qxc3
{[%clk 0:01:23]} 35. Nxc3 {[%clk 0:05:29]} Kg8 {[%clk 0:01:48]} 36. g4
{[%clk 0:05:20]} Bg6 {[%clk 0:01:20]} 37. Kf2 {[%clk 0:05:45]} Kf8
{[%clk 0:00:56]} 38. Ne2 {[%clk 0:04:38]} Bf7 {[%clk 0:00:55]} 39. Nf4
{[%clk 0:04:50]} Rd2+ {[%clk 0:00:35]} 40. Re2 {[%clk 0:35:15]} Rd7
{[%clk 0:30:44]} 41. Ne6+ {[%clk 0:33:28]} Kg8 {[%clk 0:31:04]} 42. Re3
{[%clk 0:30:44]} Bg6 {[%clk 0:25:00]} 43. f4 {[%clk 0:29:59]} Bc2
{[%clk 0:24:37]} 44. Kg3 {[%clk 0:27:46]} Kf7 {[%clk 0:22:14]} 45. f5
{[%clk 0:26:20]} Kf6 {[%clk 0:14:07]} 46. Kf4 {[%clk 0:25:59]} Rd1
{[%clk 0:10:58]} 47. Nxc7 {[%clk 0:21:40]} Rd4+ {[%clk 0:07:56]} 48. Kg3
{[%clk 0:21:42]} Rc4 {[%clk 0:06:23]} 49. Ne6 {[%clk 0:19:09]} h5
{[%clk 0:06:13]} 50. gxh5 {[%clk 0:17:51]} Bxf5 {[%clk 0:06:38]} 51. Nd8
{[%clk 0:16:25]} Bd7 {[%clk 0:07:00]} 52. Rf3+ {[%clk 0:13:55]} Ke7
{[%clk 0:06:52]} 53. Nf7 {[%clk 0:13:52]} Rg4+ {[%clk 0:04:10]} 54. Kf2
{[%clk 0:13:14]} Rh4 {[%clk 0:04:32]} 55. Ne5 {[%clk 0:13:11]} Rh2+
{[%clk 0:03:15]} 56. Kg3 {[%clk 0:12:54]} Rxh5 {[%clk 0:02:28]} 57. Rf7+
{[%clk 0:11:32]} Ke6 {[%clk 0:02:48]} 58. Rxd7 {[%clk 0:11:36]} Rxe5
{[%clk 0:02:24]} 59. Rd6+ {[%clk 0:12:00]} Kf5 {[%clk 0:01:18]} 60. Kf3
{[%clk 0:12:17]} a5 {[%clk 0:00:52]} 61. Rxc6 {[%clk 0:12:23]} Re1
{[%clk 0:01:16]} 62. Ra6 {[%clk 0:06:40]} axb4 {[%clk 0:01:41]} 63. axb4
{[%clk 0:07:08]} Rb1 {[%clk 0:02:06]} 64. Rb6 {[%clk 0:07:34]} Ke5
{[%clk 0:02:01]} 65. c6 {[%clk 0:06:47]} Kd6 {[%clk 0:02:16]} 66. b5
{[%clk 0:07:10]} Rc1 {[%clk 0:01:23]} 67. Rb7 {[%clk 0:06:51]} Rc5
{[%clk 0:01:24]} 68. Ke3 {[%clk 0:06:56]} 1-0

[Event "Team men PL final"]
[Site "Sochi"]
[Date "2018.05.01"]
[Round "1.6"]
[White "Goganov, Aleksey"]
[Black "Frolov, Ivan"]
[Result "1-0"]
[BlackElo "2243"]
[WhiteElo "2572"]
[LiveChessVersion "1.4.8"]

1. Nf3 {[%clk 1:30:56]} Nf6 {[%clk 1:30:34]} 2. c4 {[%clk 1:31:17]} e6
{[%clk 1:30:18]} 3. g3 {[%clk 1:31:39]} b6 {[%clk 1:29:18]} 4. Bg2
{[%clk 1:32:03]} Bb7 {[%clk 1:28:57]} 5. d4 {[%clk 1:32:25]} Be7 {[%clk 1:26:28]}
6. O-O {[%clk 1:32:28]} O-O {[%clk 1:25:47]} 7. Nc3 {[%clk 1:32:21]} Ne4
{[%clk 1:25:00]} 8. Bd2 {[%clk 1:32:44]} d5 {[%clk 1:19:14]} 9. cxd5
{[%clk 1:32:17]} exd5 {[%clk 1:19:30]} 10. Rc1 {[%clk 1:28:34]} Nd7
{[%clk 1:13:09]} 11. Bf4 {[%clk 1:27:42]} c6 {[%clk 1:11:03]} 12. Nxe4
{[%clk 1:14:51]} dxe4 {[%clk 1:09:01]} 13. Nd2 {[%clk 1:08:34]} g5
{[%clk 1:08:48]} 14. Be3 {[%clk 1:08:50]} f5 {[%clk 1:09:13]} 15. Qb3+
{[%clk 1:08:48]} Kg7 {[%clk 1:04:12]} 16. Nc4 {[%clk 1:09:06]} Ba6
{[%clk 0:56:15]} 17. Bd2 {[%clk 1:07:08]} Rc8 {[%clk 0:46:26]} 18. g4
{[%clk 1:03:25]} fxg4 {[%clk 0:36:26]} 19. Bxe4 {[%clk 1:03:45]} c5
{[%clk 0:21:47]} 20. d5 {[%clk 0:50:20]} Bxc4 {[%clk 0:21:27]} 21. Rxc4
{[%clk 0:46:17]} Ne5 {[%clk 0:18:44]} 22. Bc3 {[%clk 0:45:31]} Bf6
{[%clk 0:18:59]} 23. Ra4 {[%clk 0:43:26]} Rc7 {[%clk 0:14:22]} 24. Bf5
{[%clk 0:41:11]} h5 {[%clk 0:13:39]} 25. Re4 {[%clk 0:40:10]} Qd6
{[%clk 0:12:43]} 26. Be6 {[%clk 0:39:48]} Ng6 {[%clk 0:11:56]} 27. Bd2
{[%clk 0:34:58]} Nf4 {[%clk 0:10:48]} 28. Bxf4 {[%clk 0:29:20]} gxf4
{[%clk 0:11:15]} 29. f3 {[%clk 0:29:24]} Bd4+ {[%clk 0:10:59]} 30. Kh1
{[%clk 0:29:04]} Rf6 {[%clk 0:04:29]} 31. fxg4 {[%clk 0:28:31]} hxg4
{[%clk 0:04:51]} 32. Bxg4 {[%clk 0:28:28]} Rg6 {[%clk 0:02:40]} 33. Re6
{[%clk 0:28:08]} Rxe6 {[%clk 0:02:37]} 34. Bxe6 {[%clk 0:28:21]} Qe5
{[%clk 0:02:20]} 35. Qf3 {[%clk 0:27:35]} Be3 {[%clk 0:02:42]} 36. Rd1
{[%clk 0:23:06]} Kf6 {[%clk 0:01:56]} 37. d6 {[%clk 0:23:02]} Rg7
{[%clk 0:02:24]} 38. Bg4 {[%clk 0:20:09]} Bd4 {[%clk 0:01:33]} 39. d7
{[%clk 0:20:15]} Rg8 {[%clk 0:01:02]} 40. b4 {[%clk 0:46:47]} Ke7
{[%clk 0:31:04]} 41. bxc5 {[%clk 0:47:04]} bxc5 {[%clk 0:31:18]} 42. h3
{[%clk 0:44:09]} Kd6 {[%clk 0:27:14]} 43. Rb1 {[%clk 0:31:17]} Qd5
{[%clk 0:25:38]} 44. Qxd5+ {[%clk 0:31:23]} Kxd5 {[%clk 0:26:02]} 45. Rb7
{[%clk 0:31:46]} Kc6 {[%clk 0:17:19]} 46. Rxa7 {[%clk 0:31:44]} Rd8
{[%clk 0:17:41]} 47. Ra6+ {[%clk 0:30:07]} Kb5 {[%clk 0:17:55]} 48. Rd6
{[%clk 0:30:18]} Be3 {[%clk 0:17:54]} 49. a4+ {[%clk 0:28:03]} Kxa4
{[%clk 0:12:24]} 50. Rc6 {[%clk 0:28:27]} f3 {[%clk 0:12:51]} 51. exf3
{[%clk 0:28:44]} Kb5 {[%clk 0:13:11]} 52. Rc8 {[%clk 0:29:03]} Bg5
{[%clk 0:13:37]} 53. f4 {[%clk 0:28:57]} Be7 {[%clk 0:14:04]} 54. Be6
{[%clk 0:29:04]} Kb4 {[%clk 0:14:21]} 55. Kg2 {[%clk 0:29:18]} Kc3
{[%clk 0:14:47]} 56. Kf3 {[%clk 0:29:34]} Kd4 {[%clk 0:15:12]} 57. Kg4
{[%clk 0:29:40]} 1-0

[Event "Team men PL final"]
[Site "Sochi"]
[Date "2018.05.01"]
[Round "1.7"]
[White "Romanov, Evgeny"]
[Black "Khismatullin, Denis"]
[Result "1/2-1/2"]
[BlackElo "2632"]
[WhiteElo "2619"]
[LiveChessVersion "1.4.8"]

1. e4 {[%clk 1:30:47]} e5 {[%clk 1:29:47]} 2. Nf3 {[%clk 1:30:56]} Nf6
{[%clk 1:29:08]} 3. Nxe5 {[%clk 1:30:55]} d6 {[%clk 1:29:35]} 4. Nf3
{[%clk 1:31:17]} Nxe4 {[%clk 1:30:00]} 5. d4 {[%clk 1:31:33]} d5 {[%clk 1:28:14]}
6. Bd3 {[%clk 1:31:46]} Be7 {[%clk 1:28:31]} 7. O-O {[%clk 1:31:44]} O-O
{[%clk 1:28:51]} 8. Nbd2 {[%clk 1:29:33]} Bf5 {[%clk 1:21:53]} 9. Re1
{[%clk 1:29:08]} Nd6 {[%clk 1:21:20]} 10. Nf1 {[%clk 1:29:06]} Bxd3
{[%clk 1:15:43]} 11. Qxd3 {[%clk 1:29:11]} c6 {[%clk 1:16:05]} 12. Bf4
{[%clk 1:28:31]} Na6 {[%clk 1:12:18]} 13. Qb3 {[%clk 1:26:47]} Nc7
{[%clk 1:01:15]} 14. Ne3 {[%clk 1:20:17]} Re8 {[%clk 0:42:24]} 15. c3
{[%clk 1:12:23]} Rb8 {[%clk 0:34:28]} 16. Re2 {[%clk 1:08:08]} Ne6
{[%clk 0:28:58]} 17. Bg3 {[%clk 1:08:03]} Qb6 {[%clk 0:28:17]} 18. Qc2
{[%clk 1:06:10]} Rbd8 {[%clk 0:26:24]} 19. Nd2 {[%clk 0:57:27]} Qa6
{[%clk 0:20:44]} 20. Nb3 {[%clk 0:54:07]} Ne4 {[%clk 0:18:54]} 21. Nf5
{[%clk 0:51:45]} Nxg3 {[%clk 0:13:10]} 22. Nxe7+ {[%clk 0:46:30]} Rxe7
{[%clk 0:13:35]} 23. hxg3 {[%clk 0:46:54]} Rde8 {[%clk 0:12:18]} 24. Rae1
{[%clk 0:47:00]} b6 {[%clk 0:11:14]} 25. Nc1 {[%clk 0:46:57]} g6 {[%clk 0:09:49]}
26. Qd2 {[%clk 0:41:01]} f6 {[%clk 0:06:00]} 27. g4 {[%clk 0:38:34]} Qb7
{[%clk 0:04:07]} 28. Nd3 {[%clk 0:34:09]} Qc7 {[%clk 0:03:14]} 29. Re3
{[%clk 0:29:11]} Kg7 {[%clk 0:02:24]} 30. R1e2 {[%clk 0:23:34]} a5
{[%clk 0:01:53]} 31. Qe1 {[%clk 0:21:30]} Kf7 {[%clk 0:01:56]} 32. f4
{[%clk 0:18:25]} Qd6 {[%clk 0:00:41]} 33. Qf2 {[%clk 0:15:48]} Ng7
{[%clk 0:00:38]} 34. g5 {[%clk 0:11:09]} Rxe3 {[%clk 0:00:39]} 35. Rxe3
{[%clk 0:11:37]} Rxe3 {[%clk 0:00:49]} 36. Qxe3 {[%clk 0:12:04]} fxg5
{[%clk 0:00:38]} 37. Ne5+ {[%clk 0:11:00]} Kg8 {[%clk 0:00:51]} 38. fxg5
{[%clk 0:11:02]} Ne6 {[%clk 0:00:37]} 39. Ng4 {[%clk 0:09:35]} c5
{[%clk 0:00:34]} 40. dxc5 {[%clk 0:34:08]} bxc5 {[%clk 0:30:40]} 41. Nf6+
{[%clk 0:32:35]} Kf7 {[%clk 0:26:42]} 42. Qf2 {[%clk 0:31:40]} Ke7
{[%clk 0:02:50]} 43. Qh4 {[%clk 0:30:52]} Nf8 {[%clk 0:02:53]} 44. Qa4
{[%clk 0:27:55]} Ke6 {[%clk 0:01:26]} 45. Qg4+ {[%clk 0:16:32]} Kf7
{[%clk 0:01:01]} 46. Qf3 {[%clk 0:13:16]} Ke6 {[%clk 0:01:08]} 47. Qg4+
{[%clk 0:03:38]} Kf7 {[%clk 0:01:29]} 48. Qf3 {[%clk 0:03:40]} Ke6
{[%clk 0:01:53]} 49. Qg4+ {[%clk 0:03:35]} 1/2-1/2